| 000 | 00925nam a22002897a 4500 | ||
|---|---|---|---|
| 001 | 8475 | ||
| 003 | FISKH | ||
| 005 | 20250915120708.0 | ||
| 008 | 250915b cb ||||| |||| 00| 0 eng d | ||
| 020 | _a9781845072803 | ||
| 040 |
_aFISKH _beng _cFISKH _dFISKH |
||
| 050 | _aPZ7.D1715 R | ||
| 082 | _a813.6 | ||
| 100 | _aDaly, Niki | ||
| 245 |
_aRuby sings the blues / _cby Niki Daly |
||
| 250 | _aFirst paperback edition 2007 | ||
| 260 |
_aLondon : _bFrances Lincoln , _c2005. |
||
| 300 |
_a32 unnumbered pages : _bcolor illustrations ; _c25 x 26cm . |
||
| 505 | _aK | ||
| 520 | _aRuby's loud voice annoys everyone around her, until she learns to control her volume with the help of her new jazz musician friends. | ||
| 521 | 8 |
_a510
_bLexile estimate |
|
| 521 | 8 |
_aK
_bRaz-Plus |
|
| 650 |
_aFeelings _vChildren's Books |
||
| 650 |
_aSinging _vChildren's Books |
||
| 942 |
_2ddc _cBK _n0 |
||
| 999 |
_c8475 _d8475 |
||